Weiterdenken - Deutschland #3 - Statistiken

Allgemein
  • Dieses Quiz wurde 108 mal gespielt
  • Das Durchschnittsergebnis liegt bei 12 aus 26
Antwortstatistiken
Frage Antwort % Korrekt
Wie heißt das bevölkerungsreichste Bundesland Deutschlands? Nordrhein-Westfalen
100%
Welcher Fluss fließt durch die Hauptstadt von ^? Rhein
99%
Welches andere Bundesland ist nach dem ^ benannt? Rheinland-Pfalz
96%
Von welchem Nachbarland heißen die männlichen Einwohner ^? Schweiz
68%
In welchem ehemaligen deutschen Nachbarland befand sich die Sächsische ^? DDR
50%
Welchen Vornamen trug die Person, dessen Name ^ früher trug? Karl
50%
Welche Großstadt hieß in der ^ anders als heute? Chemnitz
49%
Welcher Wissenschaftler stellte diese auf? Einstein
49%
Für welchen ^ sind vor allem Niedersachsen und Bremen bekannt? Grün
45%
Welche Farbe kommt bei vielen Fußgängerampeln über ^? Rot
45%
Nach welchem Fluss ist das Gebiet benannt, wo sich auch die ^ befindet? Ruhr
45%
Welcher Sänger ist für ^ bekannt? Herbert Grönemeyer
44%
Wie heißt der Ministerpräsident von ^? Schweitzer
44%
Welcher Fußballverein spielt im ^-stadion? Bochum
43%
Welcher ^ der Bundesrepublik Deutschland hatte die längste Amtszeit? Kohl
43%
^ war im Deutschen Reich Reichs- ...? Kanzler
41%
Welchen Namen trägt die Formel (E=mc^)? Relativitätstheorie
35%
Für welche B^-Art ist Deutschland unter Anderem bekant? Vollkornbrot I Mischbrot
33%
Wie hieß ^, welches im 2. Weltkrieg als das kampstärkste Schiff der Welt galt? Bismarck
31%
In welchem Film spielte ^ mit? Das Boot
30%
Welches Getreide ist am verbreitesten für die Herstellung von ^? Roggen
30%
Welche Form prägt die Innenstadt von ^? Quadrat
29%
Wie heißt ^-kohleabbauwerk in Essen, welches heute UNESCO-Welterbe ist? Zeche Zollverein
28%
Welche Stadt ist auch als ^-stadt bekannt? Aachen
24%
Wie heißt die größte Stadt in ^-en? Mannheim
21%
Welchen vorangestellten "Titel" dürfte ^ tragen? Bad
19%
Keine übereinstimmenden Quizze gefunden
Verteilung der Resultate
Anzahl Personen mit jedem Resultat
Perzentil nach korrekt beantworteten Fragen
Ihre Resultats-Entwicklung
Sie haben dieses Quiz noch nicht gespielt